Understanding overage (Record no. 82005)

MARC details
000 -LEADER
fixed length control field 00802cab a22002055a 4500
001 - CONTROL NUMBER
control field L148921
008 - FIXED-LENGTH DATA ELEMENTS--GENERAL INFORMATION
fixed length control field 091130s2009 xxko f 000 0 eng d
035 ## - SYSTEM CONTROL NUMBER
System control number (Sirsi) u148921
041 0# - LANGUAGE CODE
Language code of text/sound track or separate title eng
100 1# - MAIN ENTRY--PERSONAL NAME
Personal name Dunlop, Rachel
245 00 - TITLE STATEMENT
Title Understanding overage
260 ## - PUBLICATION, DISTRIBUTION, ETC.
Date of publication, distribution, etc. 2009
490 ## - SERIES STATEMENT
Series statement The Estate Agent
Volume/sequential designation November 2009, 31-32(2)
520 ## - SUMMARY, ETC.
Summary, etc. Discusses overage, the right of someone who is not the landowner to receive part of the future enhanced value of a property long after the sale transaction. Provides details about calculation of the payment, the possibility of more than one overage payment and the duration of the overage.
590 ## - LOCAL NOTE (RLIN)
Local note KA
651 #4 - SUBJECT ADDED ENTRY--GEOGRAPHIC NAME
Geographic name England and Wales
Chronological subdivision 1543-
690 ## - LOCAL SUBJECT ADDED ENTRY--TOPICAL TERM (OCLC, RLIN)
Topical term or geographic name as entry element PROPERTY-PROPERTY ACQUISITION AND DISPOSAL
700 1# - ADDED ENTRY--PERSONAL NAME
Personal name Garrett, Scott
942 ## - ADDED ENTRY ELEMENTS (KOHA)
Suppress in OPAC 0
Holdings
Withdrawn status Lost status Source of classification or shelving scheme Damaged status Not for loan Home library Current library Shelving location Date acquired Total Checkouts Full call number Barcode Date last seen Copy number Price effective from Koha item type
    Dewey Decimal Classification     London London Journal article 30/11/2009   L148921 148921-1001 06/08/2019 1 06/08/2019 Journal article